Welcome to CU Library Online Public Access Catalogue (OPAC)

The New encyclopaedia Britannica. (Record no. 237)

MARC details
000 -LEADER
fixed length control field 00648cam a2200217 a 4500
001 - CONTROL NUMBER
control field 2963539
005 - DATE AND TIME OF LATEST TRANSACTION
control field 20241025221023.0
008 - FIXED-LENGTH DATA ELEMENTS--GENERAL INFORMATION
fixed length control field 910910s1993 iluab be 000 0deng
020 ## - INTERNATIONAL STANDARD BOOK NUMBER
International Standard Book Number 0852295715 (set)
050 00 - LIBRARY OF CONGRESS CALL NUMBER
Classification number AE5
Item number .E363 1993
082 00 - DEWEY DECIMAL CLASSIFICATION NUMBER
Classification number 031
Edition information 20
110 ## - MAIN ENTRY--CORPORATE NAME
Corporate name or jurisdiction name as entry element Encyclopaedia Britannica, Inc.
245 04 - TITLE STATEMENT
Title The New encyclopaedia Britannica.
250 ## - EDITION STATEMENT
Edition statement 15th ed.
260 ## - PUBLICATION, DISTRIBUTION, ETC.
Place of publication, distribution, etc. Chicago :
Name of publisher, distributor, etc. Encyclopaedia Britannica,
Date of publication, distribution, etc. c1993.
300 ## - PHYSICAL DESCRIPTION
Extent 937 pages
Other physical details ill. (some col.), maps ;
Dimensions 29 cm.
500 ## - GENERAL NOTE
General note Spine title: Britannica.
650 #0 - SUBJECT ADDED ENTRY--TOPICAL TERM
Topical term or geographic name entry element Encyclopedias and dictionaries.
710 2# - ADDED ENTRY--CORPORATE NAME
Corporate name or jurisdiction name as entry element Encyclopaedia Britannica, Inc.
942 ## - ADDED ENTRY ELEMENTS (KOHA)
Source of classification or shelving scheme Library of Congress Classification
Koha item type Books
Suppress in OPAC No
999 ## -
-- 237
-- 237
Holdings
Withdrawn status Lost status Source of classification or shelving scheme Damaged status Not for loan Home library Current library Shelving location Date acquired Total checkouts Full call number Barcode Date last seen Copy number Price effective from Koha item type
    Library of Congress Classification     Law Library Annex (Miotso) Law Library Annex (Miotso) General stacks 10/25/2024   AE 5 NEW LLM00000103 10/25/2024 1 10/25/2024 Books
    Library of Congress Classification     Law Library Annex (Miotso) Law Library Annex (Miotso) General stacks 10/25/2024   AE 5 NEW LLM00000102 10/25/2024 2 10/25/2024 Books
© 2023-2024 Copyright: Central University Libraries. All Rights Reserved | Created by: Mahone Tech Office